Responsabilidad social en el sector tabacalero / (Registro nro. 13510)

Detalles MARC
000 -LIDER
fixed length control field 00571nam a22001937a 4500
003 - IDENTIFICACDOR DE NÚMERO DE CONTROL
control field DO-SdBNP
005 - DATE AND TIME OF LATEST TRANSACTION
control field 20211025091715.0
008 - ELEMENTOS DE LONGITUD FIJA
fixed length control field 211025b ||||| |||| 00| 0 spa d
020 ## - ISBN
International Standard Book Number
040 ## - FUENTE DE CATALOGACIÓN
Agencia que crea de manera original el registro BPMSU
Idioma de catalogación spa
Agencia que realiza la transcripción BPMSU
100 10 - ASIENTO PRINCIPAL -- NOMBRE PERSONAL
Nombre personal Rodríguez,Ramón María ,
Fechas asociadas con el nombre 1959 -
245 10 - MENCIÓN DE TITULO
Título Responsabilidad social en el sector tabacalero /
Mención de responsabilidad
Subtítulo
260 ## - PUBLICACIÓN, DISTRIBUCIÓN, ETC. (PIE DE IMPRENTA)
Lugar de publicación, distribución, etc Santo Domingo :
Nombre del editor, distribuidor, etc. Editorial Opus,
Fecha de publicación, distribución, etc 2019.
300 ## - DESCRIPCIÓN FÍSICA
Extensión 196 p,
Otros detalles físicos il.
Dimensiones 22 cm
500 ## - NOTA GENERAL
Nota general Incluyes datos Bibliográficos de autor .
590 ## - NOTA LOCAL
Texto de la nota local inventariado,2021/ Mc
910 ## - VALIDACIÓN
Validación Mcabrera
942 ## - ADDED ENTRY ELEMENTS (KOHA)
Source of classification or shelving scheme Dewey Decimal Classification
Koha item type Libros
Existencias
Withdrawn status Lost status Source of classification or shelving scheme Damaged status Not for loan Collection code Home library Current library Date acquired Total Checkouts Barcode Date last seen Price effective from Koha item type Copy number
    Dewey Decimal Classification     Colección Dominicana Biblioteca Pública Metropolitana Salomé Ureña Biblioteca Pública Metropolitana Salomé Ureña 05/17/2021   BPMSU21050113 05/17/2021 05/17/2021 Libros  
    Dewey Decimal Classification     Colección Dominicana Biblioteca Pública Metropolitana Salomé Ureña Biblioteca Pública Metropolitana Salomé Ureña 05/17/2021   BPMSU21050114 05/17/2021 05/17/2021 Libros e.2
    Dewey Decimal Classification     Colección Dominicana Biblioteca Pública Metropolitana Salomé Ureña Biblioteca Pública Metropolitana Salomé Ureña 05/17/2021   BPMSU21050115 05/17/2021 05/17/2021 Libros e.3